000 00373nam a22001577a 4500
005 20200524101142.0
008 200524b xxu||||| |||| 00| 0 eng d
041 _aeng
082 _a340
100 _aBARE ACT
_95744
245 _aTHE ARBITRATION AND CONCILIATION ACT, 1996
260 _aDELHI
_bPROFESSIONALS BOOK
300 _a71,p
650 _aLAW
_95701
942 _cBK
999 _c6480
_d6478